000 00782nam0a22002291 4500
001 rc\620734
005 20250621184920.0
035 _a(NLR Aleph) 005863685
090 _a5905451
_c5905450
100 _a20031121d1986 |||y0rusy50 ca
101 0 _arus
102 _aRU
105 _ay |||||||||
200 1 _aМастеровые пустыни
_eДокум. рассказы [об освоении месторождений Мангышлак. п-ва
_eДля ст. шк. возраста]
_fСергей Вейс
210 _aАлма-Ата
_cЖалын
_d1986
215 _a125, [2] с.
_d17
700 1 _aВейс
_bС.С.
_gСергей Сикфридович
801 0 _aRU
_bNLR
_gpsbo
801 1 _aRU
_bELAR
_2rusmarc
852 _aNLR
_j85-2/3948
942 _cBOOK
980 _aNB